"Bittersweet Symphony" Verve Lyrics - Statistics

General Stats
  • This quiz has been taken 28 times
  • The average score is 126 of 168
Answer Stats
lyrics % Correct
a
100%
change,
100%
change
100%
I
100%
life.
100%
my
100%
No
100%
no.
100%
no, no
100%
no, no, no
100%
symphony
100%
the
100%
bittersweet
96%
can
96%
it
96%
it's
96%
It's
96%
that
96%
to
96%
you
96%
I'm
91%
in
91%
make
91%
me,
91%
me
91%
on
91%
that's
91%
then
91%
ends
87%
from
87%
meet,
87%
million
87%
money,
87%
one
87%
people
87%
Tryna
87%
but
83%
can't
83%
die.
83%
different
83%
hear
83%
here
83%
next,
78%
slave
78%
am
74%
down
74%
down,
74%
down ...
74%
ever
74%
know
74%
take
74%
you're
74%
been
70%
I've
70%
road
70%
yeah.
70%
and
65%
day
65%
now
65%
now ...
65%
takes
65%
'Cause
61%
I'll
61%
mind,
61%
only
61%
places
61%
where
61%
mold,
57%
all
52%
free
48%
melody
48%
some
48%
feel
43%
just
43%
let
43%
need
43%
there's
43%
tonight
43%
Well,
43%
knees,
39%
never
39%
nobody
39%
recognize
39%
singing
39%
are
35%
clean
35%
cleanse
35%
pain
35%
shine,
30%
sounds
30%
veins
30%
airwaves
26%
silence,
26%
prayed,
22%
violence,
22%
sex
17%
No matching quizzes found
Score Distribution
Percent of People with Each Score
Percentile by Number Answered
Your Score History
You have not taken this quiz